| 000 | 00553nam a2200205Ia 4500 | ||
|---|---|---|---|
| 003 | OSt | ||
| 005 | 20220928145608.0 | ||
| 006 | a|||||r|||| 00| 0 | ||
| 007 | ta | ||
| 008 | 220927b |||||||| |||| 00| 0 eng d | ||
| 024 | _a81397 | ||
| 037 | _cTextual | ||
| 040 |
_aSDCL _cSDCL _beng |
||
| 041 |
_2eng _aeng |
||
| 082 | _aX9(F551)n1,M83, N6 | ||
| 245 | 0 | _aCoal Information.OECD. (IV per year. V1-; 1983-;) This library has V13-; 1996 | |
| 260 | _c1996 | ||
| 942 |
_hX9(F551)n1,M83, N6 _cTEXL _2CC |
||
| 999 |
_c834254 _d834254 |
||